Pearson Concise General Knowledge Manual 2003 (Record no. 304594)
[ view plain ]
| 000 -LEADER | |
|---|---|
| fixed length control field | 00449nam a2200169Ia 4500 |
| 008 - FIXED-LENGTH DATA ELEMENTS--GENERAL INFORMATION | |
| fixed length control field | 230718s9999 xx 000 0 und d |
| 041 ## - LANGUAGE CODE | |
| Language code of text/sound track or separate title | eng |
| 082 ## - DEWEY DECIMAL CLASSIFICATION NUMBER | |
| Classification number | 001 |
| Item number | THO |
| 100 ## - MAIN ENTRY--PERSONAL NAME | |
| Personal name | Thorpe E. |
| 9 (RLIN) | 108756 |
| 245 ## - TITLE STATEMENT | |
| Title | Pearson Concise General Knowledge Manual 2003 |
| 260 ## - PUBLICATION, DISTRIBUTION, ETC. (IMPRINT) | |
| Date of publication, distribution, etc. | 2003 |
| Name of publisher, distributor, etc. | Pearson |
| 300 ## - PHYSICAL DESCRIPTION | |
| Accompanying material [OBSOLETE, CAN/MARC] | Ref 300 G (15801) |
| 365 ## - TRADE PRICE | |
| Currency code | Rs. |
| Price amount | 250.00 |
| 500 ## - GENERAL NOTE | |
| Keywords | 300 GEN |
| 700 ## - ADDED ENTRY--PERSONAL NAME | |
| Personal name | Thorpe E. & Thorpe S |
| 906 ## - LOCAL DATA ELEMENT F, LDF (RLIN) | |
| d | B:148323-Oct-2002 |
| c | OTH |
| b | 37.5 |
| Withdrawn status | Lost status | Source of classification or shelving scheme | Reference No | Damaged status | Not for loan | Home library | Current library | Date acquired | Vendor | Budget Code | Cost, normal purchase price | Bill number | Full call number | Barcode | Date last seen | Discount | Cost, replacement price | Bill Date | Koha item type | Original Barcode |
|---|---|---|---|---|---|---|---|---|---|---|---|---|---|---|---|---|---|---|---|---|
| Dewey Decimal Classification | Ref 300 G (15801) | Reference | Cummins College of Engineering for Women Pune | Cummins College of Engineering for Women Pune | 26/11/2002 | Varma Book Distributors | OTH | 212.50 | 1483 | 001 | CCEP-BK-15801 | 18/07/2023 | 37.5 | 250.00 | 23/10/2002 | Books | 015801 |